PR trong việc xây dựng và phát triển thương hiệu của các doanh nghiệp nhỏ và vừa tại Đà Nẵng /

Cơ sơ li luan chung

Sparad:
Bibliografiska uppgifter
Huvudupphovsman: Trịnh Thị Kim Thủy
Övriga upphovsmän: ThS.Le Đưc Tien huong dan
Materialtyp: Lärdomsprov
Språk:Vietnamese
Publicerad: 2012. ĐHĐN-Trương ĐH ngoai ngữ
Ämnen:
Taggar: Lägg till en tagg
Inga taggar, Lägg till första taggen!
Thư viện lưu trữ: Mạng thư viện Đại học Đà Nẵng
LEADER 01786na a2200373 4500
001 000030785
003 4507
005 20230412094422.0
008 151001s2012 000 vie
040 |a LNN 
041 |a vie 
082 |a 959.76  |b TR-T 
100 |a Trịnh Thị Kim Thủy 
245 0 |a PR trong việc xây dựng và phát triển thương hiệu của các doanh nghiệp nhỏ và vừa tại Đà Nẵng /  |c Trịnh Thị Kim Thủy. 
246 |a Luan văn sinh vien 
260 |c ĐHĐN-Trương ĐH ngoai ngữ  |b 2012. 
300 |a 30cm :  |b 48 tr;. 
502 |a Luan van sinh vien 
505 |a Chuyen nghanh Quoc te hoc 
520 |a Cơ sơ li luan chung  |x Thưc trang hoat đong PR trong vĩc xay dưng va phat trien thương hieu cua cac Doanh nghiep nho va vưa tai Đa năng.  |y Mot so kien nghi nang cao hieu qua PR trong viec xay dưng va phat trien thương hieu cho cac DN nho va vưa tai Đa Năng. 
650 |a PR trong việc xây dựng và phát triển thương hiệu của các doanh nghiệp nhỏ và vừa tại Đà Nẵng, PR, công chúng, đà nẵng 
653 |a Trịnh Thị Kim Thủy,2012,PR ,doanh nghiep nho,vua ĐN,xay dung va phat trien thương hieu ĐN 
700 |a ThS.Le Đưc Tien  |b huong dan 
852 |b Luan văn tot nghiep SV  |c Khoa Quoc te hoc 
OWN |a LNN 
AVA |a UDN50  |b LNN  |d 959.76 TR-T  |e available  |t Error 5001 Not defined in file expand_doc_bib_avail.  |f 3  |g 0  |h N  |i 0 
999 |a From the UDN01 
AVA |a UDN50  |b LNN  |d 959.76 TR-T  |e available  |t Error 5001 Not defined in file expand_doc_bib_avail.  |f 3  |g 0  |h N  |i 0 
TYP |a Dissertation 
TYP |a Printed language 
980 |a Mạng thư viện Đại học Đà Nẵng